Harry Potter General Knowledge #394 - Statistics

General Stats
  • This quiz has been taken 1,370 times
  • The average score is 22 of 31
Answer Stats
Hint Answer % Correct
Who has 'red hair and a hand-me-down robe'? Ron Weasley
100%
Who has a lightning shaped scar? Harry Potter
99%
Emma Watson plays what character in the films? Hermione Granger
99%
Who wrote the books? J.K.Rowling
97%
Who split his soul to create horcruxes? Voldemort
92%
Who was chosen by Voldermort to kill Dumbledore? Draco Malfoy
88%
Who is afraid of the moon? Remus Lupin
88%
Who is an animagus and can turn into a cat? Minerva McGonagall
86%
Who has a brother named Aberforth and a sister named Ariana? Albus Dumbledore
85%
Who is Prongs? James Potter
84%
Who is Padfoot? Sirius Black
83%
Who is Rodolphus Lestrange's wife? Bellatrix LeStrange
81%
What creature is actually the monster? A Basilisk
79%
Where were both of Harry's parents killed? Godric's Hollow
76%
Who was nearly killed as a baby instead of Harry as he fit the prophecy too? Neville Longbottom
75%
Which female character is a metamorphmagus? Nymphadora Tonks
72%
What creature is wrongly accused of being the monster in the Chamber of Secrets? Aragog
70%
Who betrays his family and goes to work for the Ministry of Magic? Percy Weasley
70%
Who dies when his own hand strangles him? Peter Pettigrew
70%
Half of Azkaban is locked up thanks to this Auror... Alastor Moody
69%
Blast-Ended Skrewts were illegally bred by who? Rubeus Hagrid
69%
What house elf was a slight alcoholic? Winky
66%
Who is 'holey'? George Weasley
62%
What is the name of the Hospital where Harry, Ron and Hermione encounter Gilderoy Lockhart again? St. Mungos
62%
What was the last name of the three brothers who originally owned the Deathly Hallows? Peverell
59%
What is the spell that makes things swell? Engorgement Charm
57%
Who gave Slughorn a flower petal that turned into a fish? Lily Potter
56%
Who is Victoire Weasley's parents? William Weasley and Fleur Delacour
51%
Who dates Victoire Weasley? Teddy Lupin
45%
Who directed Harry Potter and the Deathly Hallows part 2? David Yates
25%
Blast-Ended Skrewts are bred from Fire Crabs and what? Manticores
13%
No matching quizzes found
Score Distribution
Percent of People with Each Score
Percentile by Number Answered
Your Score History
You have not taken this quiz